[Event "6. Torneo Distrito Chamartin 2017"]
[Site "Madrid ESP"]
[Date "2017.09.09"]
[Round "8.27"]
[White "Calvo De Castro, Miguel"]
[Black "Juzgado Niella, Angel Luis"]
[Result "1-0"]
[WhiteElo "1836"]
[BlackElo "1620"]
[PlyCount "59"]
[EventDate "2017.09.04"]
[EventType "swiss"]
[EventRounds "9"]
[EventCountry "ESP"]
[SourceTitle "Ajedrez en Madrid"]
[Source "lmi"]
[SourceDate "2017.09.04"]
[SourceVersion "1"]
[SourceVersionDate "2018.03.05"]
[SourceQuality "1"]

1. d4 d5 2. c4 c6 3. e3 Nf6 4. Bd3 e6 5. Nf3 Nbd7 6. O-O b6 7. b3 Bb7 8. Bb2
Bd6 9. Nbd2 O-O 10. Qe2 c5 11. Rac1 Re8 12. Rfd1 e5 13. dxe5 Nxe5 14. Bb1 Qe7
15. cxd5 Nxd5 16. Nc4 Nxf3+ 17. Qxf3 Rad8 18. Nxd6 Rxd6 19. Qg3 g6 20. Rd2 Rdd8
21. Rcd1 Nc7 22. h4 Rxd2 23. Rxd2 Rd8 24. Rxd8+ Qxd8 25. Qe5 f6 26. Qxf6 Qxf6
27. Bxf6 Kf7 28. Be5 Nb5 29. Bd3 Bc6 30. a4 1-0

[Event "6. Torneo Distrito Chamartin 2017"]
[Site "Madrid ESP"]
[Date "2017.09.09"]
[Round "8.29"]
[White "Sanchez Rivero, Miguel"]
[Black "Ferrando Marti, Roberto"]
[Result "1-0"]
[WhiteElo "1716"]
[BlackElo "1552"]
[PlyCount "87"]
[EventDate "2017.09.04"]
[EventType "swiss"]
[EventRounds "9"]
[EventCountry "ESP"]
[SourceTitle "Ajedrez en Madrid"]
[Source "lmi"]
[SourceDate "2017.09.04"]
[SourceVersion "1"]
[SourceVersionDate "2018.03.05"]
[SourceQuality "1"]

1. e4 d5 2. exd5 Qxd5 3. Nc3 Qa5 4. d4 c6 5. Nf3 Bg4 6. Bc4 e6 7. O-O Nf6 8. h3
Bh5 9. Qe2 Qc7 10. d5 cxd5 11. Nxd5 Nxd5 12. Bxd5 Nd7 13. g4 Bxg4 14. hxg4 Nf6
15. Qb5+ Kd8 16. Qxb7 Qxb7 17. Bxb7 Rb8 18. Rd1+ Ke7 19. Bc6 Rd8 20. Rxd8 Kxd8
21. Ne5 Ke7 22. g5 Nd5 23. Bxd5 exd5 24. Nc6+ Ke6 25. Nxa7 Bc5 26. Nb5 f6 27.
Nc3 fxg5 28. Bxg5 Rf8 29. Re1+ Kf5 30. Bh4 Kg4 31. Ne4 dxe4 32. Rxe4+ Kf3 33.
Rc4 Rf5 34. b4 Ba7 35. Rc7 Bd4 36. c3 Bf6 37. Rf7 g5 38. Bg3 h5 39. b5 h4 40.
Bc7 g4 41. b6 g3 42. b7 gxf2+ 43. Kf1 Rg5 44. Rxf6+ 1-0

[Event "6. Torneo Distrito Chamartin 2017"]
[Site "Madrid ESP"]
[Date "2017.09.09"]
[Round "8.30"]
[White "Gomez Gonzalez, Jose Antonio"]
[Black "Cupeiro Fernandez, Manuel"]
[Result "1-0"]
[WhiteElo "1692"]
[BlackElo "1548"]
[PlyCount "55"]
[EventDate "2017.09.04"]
[EventType "swiss"]
[EventRounds "9"]
[EventCountry "ESP"]
[SourceTitle "Ajedrez en Madrid"]
[Source "lmi"]
[SourceDate "2017.09.04"]
[SourceVersion "1"]
[SourceVersionDate "2018.03.05"]
[SourceQuality "1"]

1. Nf3 d5 2. c4 Nf6 3. g3 e6 4. Bg2 Bd6 5. O-O O-O 6. b3 Nbd7 7. Bb2 c6 8. d4
b6 9. Nbd2 Bb7 10. Re1 Qc7 11. Rc1 Be7 12. Ne5 Bd6 13. f4 Rac8 14. e4 Qb8 15.
Nxd7 Nxd7 16. e5 Be7 17. Qg4 Rfe8 18. f5 Bf8 19. f6 g6 20. h4 c5 21. cxd5 h5
22. Qf4 Kh7 23. Nf3 Bxd5 24. Ng5+ Kg8 25. Bxd5 exd5 26. e6 Qxf4 27. gxf4 fxe6
28. f7+ 1-0

[Event "6. Torneo Distrito Chamartin 2017"]
[Site "Madrid ESP"]
[Date "2017.09.09"]
[Round "8.31"]
[White "Algaba Traspuesto, Jose Antonio"]
[Black "Rottenwoerer, Christoph"]
[Result "1-0"]
[WhiteElo "1566"]
[BlackElo "1691"]
[PlyCount "55"]
[EventDate "2017.09.04"]
[EventType "swiss"]
[EventRounds "9"]
[EventCountry "ESP"]
[SourceTitle "Ajedrez en Madrid"]
[Source "lmi"]
[SourceDate "2017.09.04"]
[SourceVersion "1"]
[SourceVersionDate "2018.03.05"]
[SourceQuality "1"]

1. d4 Nf6 2. Nf3 g6 3. Nc3 Bg7 4. e4 O-O 5. e5 Ne8 6. Bc4 c6 7. O-O d5 8. exd6
Nxd6 9. Bb3 Bd7 10. Re1 h6 11. Qe2 e6 12. Bf4 Be8 13. Rad1 Na6 14. Ne5 Kh7 15.
Ne4 Nxe4 16. Qxe4 Nc7 17. c4 a5 18. a4 Qe7 19. d5 Rd8 20. d6 Rxd6 21. Rxd6 Qxd6
22. Nxg6 Qb4 23. Nxf8+ Kg8 24. Bxc7 Qxb3 25. Nxe6 fxe6 26. Be5 Bf7 27. Qg4 Kf8
28. Qxg7+ 1-0

[Event "6. Torneo Distrito Chamartin 2017"]
[Site "Madrid ESP"]
[Date "2017.09.09"]
[Round "8.32"]
[White "Martinez Miura, Enrique"]
[Black "Pareja Cerrato, Antonio"]
[Result "1/2-1/2"]
[WhiteElo "1684"]
[BlackElo "1525"]
[PlyCount "136"]
[EventDate "2017.09.04"]
[EventType "swiss"]
[EventRounds "9"]
[EventCountry "ESP"]
[SourceTitle "Ajedrez en Madrid"]
[Source "lmi"]
[SourceDate "2017.09.04"]
[SourceVersion "1"]
[SourceVersionDate "2018.03.05"]
[SourceQuality "1"]

1. e4 c6 2. d4 d5 3. Nc3 dxe4 4. Nxe4 Bf5 5. Ng3 Bg6 6. Nf3 h6 7. Bd3 Bxd3 8.
Qxd3 Nf6 9. O-O e6 10. Re1 Qc7 11. Bd2 Bd6 12. Nf5 O-O 13. Nxd6 Qxd6 14. a3 Rd8
15. Bb4 Qc7 16. Qe2 Nbd7 17. Ne5 a5 18. Be7 Re8 19. Nxd7 Nxd7 20. Bh4 Qf4 21.
Bg3 Qg5 22. c4 Rad8 23. b4 a4 24. Qc2 b5 25. c5 Nf6 26. Bd6 Rd7 27. Re5 Qg4 28.
Qd3 Nd5 29. Re4 Qf5 30. Rc1 Nf6 31. Re3 Qxd3 32. Rxd3 Red8 33. Rg3 Ne4 34. Re3
Nxd6 35. cxd6 Rxd6 36. h3 Kf8 37. Rec3 Rc8 38. Rd1 Ke7 39. Kf1 Kd7 40. Ke2 f5
41. f4 g5 42. Ke3 gxf4+ 43. Kxf4 Rg8 44. g3 Re8 45. Rdd3 e5+ 46. dxe5 Rd5 47.
Rxd5+ cxd5 48. Kxf5 Rf8+ 49. Kg6 Ke6 50. Kxh6 Rh8+ 51. Kg5 Rxh3 52. Kf4 Rh1 53.
Rc6+ Ke7 54. Rd6 Rf1+ 55. Kg5 Rd1 56. Kf4 Rf1+ 57. Ke3 Re1+ 58. Kd4 Rd1+ 59.
Kc5 Rd3 60. Rxd5 Rxg3 61. Kxb5 Rxa3 62. Rd6 Ra1 63. Ra6 a3 64. Kc4 a2 65. Kb3
Rb1+ 66. Kxa2 Rxb4 67. Ka3 Re4 68. e6 Rxe6 1/2-1/2

[Event "6. Torneo Distrito Chamartin 2017"]
[Site "Madrid ESP"]
[Date "2017.09.09"]
[Round "8.33"]
[White "Barragan Panal, Juan Jose"]
[Black "Picazo Sancho, Carolina"]
[Result "1-0"]
[WhiteElo "1683"]
[BlackElo "1486"]
[PlyCount "71"]
[EventDate "2017.09.04"]
[EventType "swiss"]
[EventRounds "9"]
[EventCountry "ESP"]
[SourceTitle "Ajedrez en Madrid"]
[Source "lmi"]
[SourceDate "2017.09.04"]
[SourceVersion "1"]
[SourceVersionDate "2018.03.05"]
[SourceQuality "1"]

1. Nf3 Nf6 2. c4 g6 3. g3 Bg7 4. Bg2 O-O 5. Nc3 d6 6. O-O Nbd7 7. Rb1 e5 8. d3
a5 9. a3 Kh8 10. b4 axb4 11. axb4 Nh5 12. Bb2 f5 13. Qd2 Nb6 14. Ra1 Rxa1 15.
Rxa1 e4 16. Ne1 d5 17. cxd5 Nxd5 18. Nxd5 Qxd5 19. Bxg7+ Nxg7 20. Ra5 Qd6 21.
Qc3 exd3 22. Nxd3 Qe7 23. Re5 Qd6 24. Ra5 Qe7 25. Rc5 c6 26. b5 Bd7 27. bxc6
bxc6 28. Bxc6 Bxc6 29. Rxc6 Qxe2 30. Rc7 Rg8 31. Ne5 Qd1+ 32. Kg2 h6 33. Nxg6+
Kh7 34. Nf8+ Kh8 35. Qf6 Qh5 36. Ne6 1-0

[Event "6. Torneo Distrito Chamartin 2017"]
[Site "Madrid ESP"]
[Date "2017.09.09"]
[Round "8.34"]
[White "Martinez Martinez, Antonio"]
[Black "Diaz Begonte, Manuel"]
[Result "1-0"]
[WhiteElo "1525"]
[BlackElo "1632"]
[PlyCount "48"]
[EventDate "2017.09.04"]
[EventType "swiss"]
[EventRounds "9"]
[EventCountry "ESP"]
[SourceTitle "Ajedrez en Madrid"]
[Source "lmi"]
[SourceDate "2017.09.04"]
[SourceVersion "1"]
[SourceVersionDate "2018.03.05"]
[SourceQuality "1"]

1. e4 d5 2. f3 dxe4 3. fxe4 Nd7 4. Nf3 Nc5 5. Nc3 Bg4 6. d4 Ne6 7. d5 Nc5 8. b4
Nd7 9. Bb5 a6 10. Be2 e6 11. O-O Bxb4 12. Bb2 Nb6 13. a3 Bc5+ 14. Kh1 Nf6 15.
dxe6 Qxd1 16. exf7+ Ke7 17. Raxd1 Rad8 18. e5 Nfd5 19. Nxd5+ Nxd5 20. e6 Nf6
21. Rde1 h6 22. Bc4 b5 23. Bb3 Rd6 24. Ne5 Bh5 1-0

[Event "6. Torneo Distrito Chamartin 2017"]
[Site "Madrid ESP"]
[Date "2017.09.09"]
[Round "8.36"]
[White "Tudela Garcia, Antonio"]
[Black "Perdiguero Herreros, Alejandro"]
[Result "1/2-1/2"]
[WhiteElo "1593"]
[BlackElo "1265"]
[PlyCount "65"]
[EventDate "2017.09.04"]
[EventType "swiss"]
[EventRounds "9"]
[EventCountry "ESP"]
[SourceTitle "Ajedrez en Madrid"]
[Source "lmi"]
[SourceDate "2017.09.04"]
[SourceVersion "1"]
[SourceVersionDate "2018.03.05"]
[SourceQuality "1"]

1. e4 c5 2. Nc3 Nc6 3. f4 g6 4. Nf3 d6 5. Bb5 a6 6. Bxc6+ bxc6 7. O-O Bg7 8. d3
Nf6 9. Qe1 O-O 10. Qh4 e6 11. g4 d5 12. e5 Nd7 13. Qxd8 Rxd8 14. g5 h6 15. h4
Rb8 16. Na4 Rb4 17. b3 c4 18. Ba3 Rb8 19. Bd6 Ra8 20. dxc4 dxc4 21. bxc4 Bf8
22. c5 Rb8 23. Rab1 Rb5 24. c4 Ra5 25. Nc3 Nxc5 26. Bxf8 Kxf8 27. Rb8 hxg5 28.
hxg5 Re8 29. Rf2 Bd7 30. Rxe8+ Kxe8 31. Ne1 Ra3 32. Nd1 Rg3+ 33. Rg2 1/2-1/2

[Event "6. Torneo Distrito Chamartin 2017"]
[Site "Madrid ESP"]
[Date "2017.09.09"]
[Round "8.37"]
[White "Centeno Mateos, Domingo"]
[Black "Osuna Osuna, Francisco"]
[Result "0-1"]
[WhiteElo "1349"]
[BlackElo "1574"]
[PlyCount "78"]
[EventDate "2017.09.04"]
[EventType "swiss"]
[EventRounds "9"]
[EventCountry "ESP"]
[SourceTitle "Ajedrez en Madrid"]
[Source "lmi"]
[SourceDate "2017.09.04"]
[SourceVersion "1"]
[SourceVersionDate "2018.03.05"]
[SourceQuality "1"]

1. d4 d5 2. c4 e5 3. dxe5 d4 4. Nf3 Nc6 5. e3 Bb4+ 6. Bd2 dxe3 7. fxe3 Bg4 8.
Be2 Bxf3 9. Bxf3 Qh4+ 10. g3 Qxc4 11. a3 Bxd2+ 12. Nxd2 Qe6 13. Bxc6+ Qxc6 14.
Qf3 Qxf3 15. Nxf3 Rd8 16. Ke2 Ne7 17. Rad1 O-O 18. e4 Rfe8 19. h4 Nc6 20. Rxd8
Rxd8 21. Rd1 Rxd1 22. Kxd1 h6 23. Kd2 Kf8 24. Kd3 Ke7 25. Kc4 Ke6 26. Nd4+ Nxd4
27. Kxd4 a5 28. b4 axb4 29. axb4 h5 30. b5 b6 31. Ke3 Kxe5 32. Kd3 c5 33. bxc6
Kd6 34. c7 Kxc7 35. Kc4 Kc6 36. Kb4 Kd6 37. Kb5 Ke5 38. Kxb6 Kxe4 39. Kc6 Kf3
0-1

[Event "6. Torneo Distrito Chamartin 2017"]
[Site "Madrid ESP"]
[Date "2017.09.09"]
[Round "8.38"]
[White "Abad Martin-Camuñas, Luis"]
[Black "Alameda Arellano, Cristeto"]
[Result "0-1"]
[WhiteElo "1397"]
[BlackElo "1577"]
[PlyCount "24"]
[EventDate "2017.09.04"]
[EventType "swiss"]
[EventRounds "9"]
[EventCountry "ESP"]
[SourceTitle "Ajedrez en Madrid"]
[Source "lmi"]
[SourceDate "2017.09.04"]
[SourceVersion "1"]
[SourceVersionDate "2018.03.05"]
[SourceQuality "1"]

1. c4 c6 2. Nc3 Nf6 3. g3 d5 4. cxd5 cxd5 5. d4 Bf5 6. Bg2 e6 7. Bg5 Be7 8. f3
Nc6 9. e4 dxe4 10. fxe4 Bg4 11. Nge2 Qa5 12. O-O Qxg5 0-1

[Event "6. Torneo Distrito Chamartin 2017"]
[Site "Madrid ESP"]
[Date "2017.09.09"]
[Round "8.39"]
[White "Ochoa Gonzalez, Hugo"]
[Black "Castro Contreras, Bruno"]
[Result "0-1"]
[WhiteElo "1557"]
[BlackElo "1378"]
[PlyCount "119"]
[EventDate "2017.09.04"]
[EventType "swiss"]
[EventRounds "9"]
[EventCountry "ESP"]
[SourceTitle "Ajedrez en Madrid"]
[Source "lmi"]
[SourceDate "2017.09.04"]
[SourceVersion "1"]
[SourceVersionDate "2018.03.05"]
[SourceQuality "1"]

1. e4 e5 2. Nf3 Nc6 3. Bb5 a6 4. Ba4 Nf6 5. O-O b5 6. Bb3 d6 7. c3 Na5 8. Bc2
c5 9. b3 Bg4 10. d4 Nc6 11. d5 Ne7 12. Re1 Ng6 13. h3 Bd7 14. Nbd2 Be7 15. Nf1
O-O 16. Ng3 Re8 17. Nh2 h6 18. Ne2 Nh7 19. f4 exf4 20. Nxf4 Bf6 21. Qf3 Be5 22.
Nxg6 fxg6 23. Rb1 Rf8 24. Qd3 Qf6 25. Nf3 Bxc3 26. e5 Bxe5 27. Qxg6 Qxg6 28.
Bxg6 Bf6 29. Bf4 Bd4+ 30. Nxd4 Rxf4 31. Ne6 Rf6 32. Bxh7+ Kxh7 33. Rf1 Bxe6 34.
Rxf6 gxf6 35. dxe6 Re8 36. Re1 Kg7 37. g4 Kg6 38. h4 f5 39. e7 Kf6 40. Rf1 Rxe7
41. Rxf5+ Kg7 42. Kf2 Rf7 43. Ke3 Rxf5 44. gxf5 Kf6 45. Ke4 c4 46. bxc4 bxc4
47. Kd4 Kxf5 48. Kxc4 Ke4 49. Kc3 d5 50. Kd2 Kd4 51. Kc2 Ke3 52. h5 a5 53. Kd1
Kd3 54. a3 a4 55. Kc1 Ke2 56. Kb2 d4 57. Kc2 d3+ 58. Kc3 d2 59. Kb4 d1=Q 60.
Ka5 0-1

[Event "6. Torneo Distrito Chamartin 2017"]
[Site "Madrid ESP"]
[Date "2017.09.09"]
[Round "8.40"]
[White "Villarroya Samaniego, Javier"]
[Black "Sanchez Lucena, Juan"]
[Result "1-0"]
[WhiteElo "1358"]
[BlackElo "1485"]
[PlyCount "131"]
[EventDate "2017.09.04"]
[EventType "swiss"]
[EventRounds "9"]
[EventCountry "ESP"]
[SourceTitle "Ajedrez en Madrid"]
[Source "lmi"]
[SourceDate "2017.09.04"]
[SourceVersion "1"]
[SourceVersionDate "2018.03.05"]
[SourceQuality "1"]

1. d4 e5 2. dxe5 Nc6 3. Nf3 Qe7 4. e3 Nxe5 5. Nxe5 Qxe5 6. Nd2 Nf6 7. Nf3 Qe6
8. Be2 d6 9. O-O g6 10. b3 Bg7 11. Bb2 O-O 12. Rb1 Bd7 13. Bc4 Qe7 14. Bxf6
Qxf6 15. Qd2 a6 16. Rfd1 Bg4 17. Be2 Bh6 18. Qd4 Bg7 19. Qxg4 Rfe8 20. Qd4 Qf5
21. Qd2 Bh6 22. c4 Rad8 23. Qd5 Qc8 24. Ng5 Re7 25. Nf3 Rde8 26. h3 Bg7 27. Nh2
Re5 28. Qd3 Kh8 29. Bg4 Qd8 30. Bf3 Qc8 31. Bd5 c6 32. Bf3 R5e6 33. Bg4 f5 34.
Bf3 Be5 35. Re1 Qc7 36. Nf1 Rf8 37. Re2 Qg7 38. e4 f4 39. Nh2 h5 40. Rd1 c5 41.
Nf1 Kh7 42. Qd5 Re7 43. Nd2 a5 44. Nb1 Kh6 45. Rc2 g5 46. Qd3 g4 47. hxg4 hxg4
48. Be2 Ref7 49. f3 g3 50. Kf1 Qf6 51. Ke1 Kg5 52. Nc3 Qh6 53. Nb5 Rf6 54. Nc7
Rh8 55. Nd5 Re6 56. Kd2 Qh2 57. Bf1 Bd4 58. Kc1 Reh6 59. Qd2 Rh5 60. Qxf4+ Kg6
61. Qxd6+ Kg7 62. Qe7+ Kg6 63. Nf4+ Kh6 64. Nxh5 Qxh5 65. Qe6+ Kg7 66. Qg4+ 1-0

[Event "6. Torneo Distrito Chamartin 2017"]
[Site "Madrid ESP"]
[Date "2017.09.09"]
[Round "8.41"]
[White "Yeghikyan, Yeva"]
[Black "Enriquez Pastor, Jorge"]
[Result "0-1"]
[WhiteElo "1106"]
[BlackElo "1472"]
[PlyCount "96"]
[EventDate "2017.09.04"]
[EventType "swiss"]
[EventRounds "9"]
[EventCountry "ESP"]
[SourceTitle "Ajedrez en Madrid"]
[Source "lmi"]
[SourceDate "2017.09.04"]
[SourceVersion "1"]
[SourceVersionDate "2018.03.05"]
[SourceQuality "1"]

1. d4 d5 2. Nf3 Nf6 3. g3 c6 4. Bg2 Nbd7 5. Nbd2 Qc7 6. c4 e5 7. b3 e4 8. Nh4
Bb4 9. O-O Bc3 10. Rb1 Bxd4 11. e3 Be5 12. f4 Bd6 13. Nf5 Bf8 14. Bb2 g6 15.
Nd4 Bg7 16. cxd5 cxd5 17. Rc1 Qb6 18. Qe2 a6 19. Rfd1 O-O 20. Nf1 Re8 21. Nc2
Rd8 22. Bd4 Qd6 23. Be5 Nxe5 24. fxe5 Qxe5 25. Nb4 Bg4 26. Qc2 Bxd1 27. Qxd1
Rac8 28. Rxc8 Rxc8 29. Bh3 Rd8 30. Qd2 Bf8 31. Qc2 Bxb4 32. Qc1 Qc3 33. Qd1 Qd3
34. Qc1 Qc3 35. Qd1 Rd6 36. Qe2 Rc6 37. Qf2 Qe5 38. Nd2 Bxd2 39. Qxd2 Qc3 40.
Qf2 Qc1+ 41. Kg2 Rc2 42. Qxc2 Qxc2+ 43. Kg1 Qe2 44. Bf1 Qxe3+ 45. Kh1 Ng4 46.
Bh3 Nf2+ 47. Kg2 Qf3+ 48. Kg1 Nxh3# 0-1

[Event "6. Torneo Distrito Chamartin 2017"]
[Site "Madrid ESP"]
[Date "2017.09.09"]
[Round "8.42"]
[White "Di Pietro Moreno, Fatima"]
[Black "Isabel Huertas, Pedro"]
[Result "1-0"]
[WhiteElo "1403"]
[BlackElo "1073"]
[PlyCount "71"]
[EventDate "2017.09.04"]
[EventType "swiss"]
[EventRounds "9"]
[EventCountry "ESP"]
[SourceTitle "Ajedrez en Madrid"]
[Source "lmi"]
[SourceDate "2017.09.04"]
[SourceVersion "1"]
[SourceVersionDate "2018.03.05"]
[SourceQuality "1"]

1. d4 Nf6 2. Bf4 e6 3. e3 g6 4. Nf3 Bg7 5. c4 O-O 6. Nc3 Nc6 7. Be2 d6 8. h3
Bd7 9. O-O Re8 10. Rc1 e5 11. dxe5 dxe5 12. Bh2 Bf5 13. Qb3 Na5 14. Qb4 b6 15.
Rfd1 Qe7 16. Qxe7 Rxe7 17. b4 Nc6 18. a3 Be6 19. Nxe5 Nxe5 20. Bxe5 Bxh3 21.
Bxf6 Bxf6 22. gxh3 Re5 23. Bf3 Rf8 24. Nb5 Bg5 25. Rd5 Rxd5 26. Bxd5 c5 27.
Nxa7 cxb4 28. axb4 Bf6 29. c5 Rd8 30. Rd1 bxc5 31. bxc5 Rd7 32. Nb5 Bd8 33.
Bxf7+ Rxf7 34. Rxd8+ Kg7 35. c6 h6 36. Rd7 1-0

[Event "6. Torneo Distrito Chamartin 2017"]
[Site "Madrid ESP"]
[Date "2017.09.09"]
[Round "8.45"]
[White "Gijon Molina, Carlos"]
[Black "Gallego Romero, Manuel"]
[Result "0-1"]
[WhiteElo "1189"]
[BlackElo "1475"]
[PlyCount "124"]
[EventDate "2017.09.04"]
[EventType "swiss"]
[EventRounds "9"]
[EventCountry "ESP"]
[SourceTitle "Ajedrez en Madrid"]
[Source "lmi"]
[SourceDate "2017.09.04"]
[SourceVersion "1"]
[SourceVersionDate "2018.03.05"]
[SourceQuality "1"]

1. d4 d5 2. c4 c6 3. Nc3 e6 4. Nf3 Nf6 5. Bg5 h6 6. Bh4 Be7 7. Qc2 O-O 8. Bxf6
Bxf6 9. e3 Nd7 10. e4 dxe4 11. Qxe4 Re8 12. Bd3 Nf8 13. O-O Qe7 14. Bc2 Rb8 15.
Rfe1 Qb4 16. Bb3 Qa5 17. Rad1 Bd7 18. h4 c5 19. Re3 Bc6 20. Qg4 Bxf3 21. Rxf3
Bxd4 22. Ne4 f5 23. Qh5 fxe4 24. Rxd4 exf3 25. Rg4 Qd2 26. Qe5 Qd7 27. Ba4 Qe7
28. Bxe8 Rxe8 29. gxf3 Nd7 30. Qg3 Rf8 31. Rg6 Rf6 32. h5 Rxg6 33. hxg6 Qg5 34.
Qxg5 hxg5 35. Kg2 Ne5 36. Kg3 Nxc4 37. b3 Ne5 38. f4 gxf4+ 39. Kxf4 Nxg6+ 40.
Ke4 Kf7 41. f4 Kf6 42. a3 Ne7 43. b4 cxb4 44. axb4 b5 45. Kd4 Kf5 46. Kc5 a6
47. Kb6 Nd5+ 48. Kc5 Nxf4 49. Kd4 Nd5 50. Kc5 g5 51. Kd4 g4 52. Kd3 Nxb4+ 53.
Ke3 Nd5+ 54. Kf2 b4 55. Ke2 b3 56. Kd2 a5 57. Kc1 a4 58. Kb2 g3 59. Ka3 g2 60.
Kxa4 b2 61. Ka3 b1=Q 62. Ka4 Qb4# 0-1

[Event "6. Torneo Distrito Chamartin 2017"]
[Site "Madrid ESP"]
[Date "2017.09.10"]
[Round "9.1"]
[White "Martinez Fernandez, Raul"]
[Black "Sanchez Jerez, Emilio Miguel"]
[Result "1-0"]
[WhiteElo "2180"]
[BlackElo "2155"]
[PlyCount "85"]
[EventDate "2017.09.04"]
[EventType "swiss"]
[EventRounds "9"]
[EventCountry "ESP"]
[SourceTitle "Ajedrez en Madrid"]
[Source "lmi"]
[SourceDate "2017.09.04"]
[SourceVersion "1"]
[SourceVersionDate "2018.03.05"]
[SourceQuality "1"]

1. e4 c5 2. Nf3 Nf6 3. e5 Nd5 4. Nc3 e6 5. Nxd5 exd5 6. c3 d6 7. d4 Nc6 8. Bb5
Bg4 9. O-O dxe5 10. Qa4 Bd7 11. Nxe5 Nxe5 12. Re1 Bd6 13. dxe5 Be7 14. e6 fxe6
15. Rxe6 Bxb5 16. Qxb5+ Kf7 17. Re5 Re8 18. Qxb7 Rb8 19. Qxd5+ Qxd5 20. Rxd5 c4
21. Kf1 Red8 22. Rxd8 Bxd8 23. Rb1 Bf6 24. Bd2 a5 25. Ke2 a4 26. Kd1 g5 27. Kc2
Rb5 28. b3 cxb3+ 29. axb3 axb3+ 30. Rxb3 Ra5 31. Rb1 g4 32. Rc1 Rf5 33. Be3 Be5
34. Kd3 Rh5 35. c4 Rxh2 36. g3 h5 37. Ke4 Ke6 38. Rb1 Bc7 39. Rb2 h4 40. Bf4
hxg3 41. Bxc7 gxf2 42. Rb1 Rg2 43. Bb6 1-0

[Event "6. Torneo Distrito Chamartin 2017"]
[Site "Madrid ESP"]
[Date "2017.09.10"]
[Round "9.2"]
[White "Rottenwohrer Suarez, Juan"]
[Black "Martin Duque, Jesus"]
[Result "0-1"]
[WhiteElo "2180"]
[BlackElo "2387"]
[PlyCount "96"]
[EventDate "2017.09.04"]
[EventType "swiss"]
[EventRounds "9"]
[EventCountry "ESP"]
[SourceTitle "Ajedrez en Madrid"]
[Source "lmi"]
[SourceDate "2017.09.04"]
[SourceVersion "1"]
[SourceVersionDate "2018.03.05"]
[SourceQuality "1"]

1. d4 Nf6 2. c4 e6 3. Nc3 Bb4 4. Qc2 Nc6 5. Nf3 d6 6. a3 Bxc3+ 7. Qxc3 O-O 8.
Bg5 Re8 9. d5 exd5 10. Bxf6 Qxf6 11. Qxf6 gxf6 12. cxd5 Ne7 13. Rd1 b5 14. e4
a6 15. Be2 Bb7 16. Nd4 f5 17. exf5 Nxd5 18. Kf1 c5 19. Nc2 Re5 20. Bf3 Rxf5 21.
h4 Re8 22. Rh3 Kf8 23. Rg3 Ree5 24. Kg1 Ke7 25. Rg8 Nf6 26. Rb8 Bxf3 27. gxf3
Rxf3 28. Ne3 d5 29. b4 d4 30. Ng2 Rxa3 31. bxc5 Rxc5 32. Rxd4 Rd5 33. Rb7+ Rd7
34. Rdxd7+ Nxd7 35. Ne3 Ke6 36. Kg2 h5 37. Kg3 Ra4 38. f3 f6 39. Ng2 Kd6 40.
Nf4 Kc6 41. Ra7 b4 42. Ne6 Ne5 43. Nd4+ Kd5 44. Ne2 Ra3 45. Nf4+ Kc6 46. Nxh5
b3 47. Ra8 Kb7 48. Rd8 b2 0-1

[Event "6. Torneo Distrito Chamartin 2017"]
[Site "Madrid ESP"]
[Date "2017.09.10"]
[Round "9.3"]
[White "Quispe Arteaga, Gabriel"]
[Black "Gonzalez Aguirre, Luis"]
[Result "1-0"]
[WhiteElo "2197"]
[BlackElo "2105"]
[PlyCount "69"]
[EventDate "2017.09.04"]
[EventType "swiss"]
[EventRounds "9"]
[EventCountry "ESP"]
[SourceTitle "Ajedrez en Madrid"]
[Source "lmi"]
[SourceDate "2017.09.04"]
[SourceVersion "1"]
[SourceVersionDate "2018.03.05"]
[SourceQuality "1"]

1. Nf3 Nf6 2. g3 d5 3. Bg2 c6 4. O-O Bg4 5. h3 Bxf3 6. exf3 e6 7. f4 Bd6 8. b3
O-O 9. Bb2 Nbd7 10. d3 Qc7 11. Nd2 Rfe8 12. c4 Rad8 13. d4 Rb8 14. Rc1 Qa5 15.
a3 b6 16. Re1 Qa6 17. b4 Bf8 18. c5 b5 19. g4 g6 20. Nf1 Bg7 21. Ng3 Nf8 22.
Bf1 Qb7 23. Bd3 N6d7 24. Rc2 Qc7 25. Qf3 f6 26. Rce2 e5 27. Bb1 Ne6 28. fxe5
fxe5 29. dxe5 Rf8 30. Nf5 gxf5 31. gxf5 Ng5 32. Qg4 Ne4 33. f6 Ndxf6 34. exf6
Nxf6 35. Bxf6 1-0

[Event "6. Torneo Distrito Chamartin 2017"]
[Site "Madrid ESP"]
[Date "2017.09.10"]
[Round "9.4"]
[White "Alfaya Marcelo, Roberto"]
[Black "Roa Alonso, Santiago"]
[Result "0-1"]
[WhiteElo "2126"]
[BlackElo "2356"]
[PlyCount "92"]
[EventDate "2017.09.04"]
[EventType "swiss"]
[EventRounds "9"]
[EventCountry "ESP"]
[SourceTitle "Ajedrez en Madrid"]
[Source "lmi"]
[SourceDate "2017.09.04"]
[SourceVersion "1"]
[SourceVersionDate "2018.03.05"]
[SourceQuality "1"]

1. e4 e5 2. Nf3 Nc6 3. Bb5 a6 4. Ba4 Nf6 5. O-O Be7 6. Re1 b5 7. Bb3 d6 8. c3
O-O 9. h3 Nb8 10. d4 Nbd7 11. Nbd2 Bb7 12. Bc2 Re8 13. Nf1 Bf8 14. Ng3 g6 15.
Nh2 c5 16. d5 c4 17. Ng4 Nxg4 18. Qxg4 Bc8 19. Bg5 Be7 20. Be3 Nf6 21. Qf3 h5
22. a4 Bd7 23. axb5 axb5 24. Ba7 Nh7 25. Ra3 Bg5 26. Rea1 Bf4 27. Qd1 Qh4 28.
Qf1 Ng5 29. Kh2 Nxe4 30. Bxe4 Bxg3+ 31. fxg3 Qxe4 32. Qf6 Qxd5 33. Rd1 Qb7 34.
Qxd6 Bxh3 35. gxh3 Rxa7 36. g4 hxg4 37. hxg4 Rxa3 38. bxa3 Qf3 39. Qd7 Rf8 40.
Qd5 Qf4+ 41. Kh3 Kg7 42. Rh1 Rh8+ 43. Kg2 Qxg4+ 44. Kf2 Qf5+ 45. Ke3 Rxh1 46.
Qxh1 Qd3+ 0-1

[Event "6. Torneo Distrito Chamartin 2017"]
[Site "Madrid ESP"]
[Date "2017.09.10"]
[Round "9.5"]
[White "Moreno Ibañez, Miguel"]
[Black "Porras Fernandez, Alberto"]
[Result "1/2-1/2"]
[WhiteElo "2289"]
[BlackElo "1959"]
[PlyCount "125"]
[EventDate "2017.09.04"]
[EventType "swiss"]
[EventRounds "9"]
[EventCountry "ESP"]
[SourceTitle "Ajedrez en Madrid"]
[Source "lmi"]
[SourceDate "2017.09.04"]
[SourceVersion "1"]
[SourceVersionDate "2018.03.05"]
[SourceQuality "1"]

1. e4 c5 2. Nf3 Nc6 3. Bb5 Qc7 4. O-O a6 5. Bxc6 dxc6 6. d3 Bg4 7. Nbd2 e5 8.
a4 b6 9. Nc4 f6 10. b3 Ne7 11. Bb2 Ng6 12. Ne3 Be6 13. g3 Be7 14. Kg2 Qd7 15.
Ng1 Bd8 16. h4 h5 17. Qe2 Bc7 18. Rad1 Kf7 19. f3 Rad8 20. Kf2 Qc8 21. Ke1 Qb7
22. Bc3 a5 23. Qf2 b5 24. Qe2 Rd7 25. Kf2 Rdd8 26. Kg2 Ra8 27. Ra1 Qc8 28. Ra2
b4 29. Be1 Qd7 30. Bf2 Bd6 31. Raa1 Rad8 32. Rfd1 Qc7 33. Kh2 Ne7 34. Nh3 Qc8
35. Qf1 Ng6 36. Bg1 Rdg8 37. Nc4 Bxc4 38. dxc4 Rd8 39. Nf2 Nf8 40. Nd3 Ne6 41.
Be3 Nd4 42. Bxd4 cxd4 43. c5 Bc7 44. Qh3 Qxh3+ 45. Kxh3 g5 46. Rh1 Rdg8 47. Kg2
Ke6 48. Kf2 g4 49. f4 Rf8 50. Kg2 Rf7 51. Rhf1 Rhf8 52. Rf2 Bb8 53. Raf1 Bc7
54. Nb2 f5 55. exf5+ Rxf5 56. fxe5 Rxf2+ 57. Rxf2 Rxf2+ 58. Kxf2 Kxe5 59. Nc4+
Kd5 60. Nb6+ Ke6 61. Nc4 Kd5 62. Nb6+ Ke6 63. Nc4 1/2-1/2